=LDR 00000nam 2200000 4500 =001 INLIS000000000026332 =005 20130612124759 =008 ***********************************ind** =035 ##$$0010-061300000026332 =041 ##$$a ind =082 ##$$a 959.859 54 =090 ##$$a 959.859 54, SUK i =100 ##$$a Sukanto =245 ##$$a Integrasi Kebulatan tekad Rakyat Timor Timur, Soekanto =260 ##$$a [198?] $b Jakarta =300 ##$$a 714 hlm., ilus., 21 cm =650 ##$$a Sejarah Nasional Indonesia =850 ##$$a NBPNMAT =990 ##$$a 70317031 =990 ##$$a 8713/Pro.83 =990 ##$$a 01201436217